• 首页
  • 本馆介绍
  • 公告通知
  • 最新文献
  • 馆藏检索
  • 电子资源
  • 读者导购
  • 参考咨询
  • 我的图书馆
  • 登录
  • 详细信息显示
  • 放入我的书架
  • 预约/预借图书
  • 作者相关作品
  • 分类相关作品
  • 丛书相关作品
  • 出版社相关作品

书目信息

  • 表格格式
  • 工作单格式
  • 卡片格式
题名:
法律职业伦理
    
 
作者: 李本森 主编
分册:  
出版信息: 北京   北京大学出版社  2016.03
页数: 321页
开本: 21cm
丛书名:
单 册:
中图分类: D90-053
科图分类:
主题词: 法伦理学--教材
电子资源:
ISBN: 978-7-301-26861-2
000 00926nam0 2200265 450
001 0120161814851
005 20170911174711.25
010    @a978-7-301-26861-2@dCNY22.00
100    @a20160504d2016 em y0chiy50 ea
101 0  @achi
102    @aCN@b110000
105    @ay z 000yy
106    @ar
200 1  @a法律职业伦理@9fa lu^ zhi ye lun li@f李本森主编
205    @a3版
210    @a北京@c北京大学出版社@d2016.03
215    @a321页@d21cm
300    @a公法系列教材
330    @a本书阐述了法律职业伦理的基本原理、规范和制度,并结合经典论述、典型案例,在每章之后附“提示与问题”,注意分析不同法律职业伦理规范的内部关系和有关的伦理冲突与道德悖论,引导读者深入思考,系统而全面地了解我国法律职业伦理学科的基本内容。
333    @a高校法律专业师生
606 0  @a法伦理学@j教材
690    @aD90-053@v5
701  0 @a李本森@9li ben sen@4主编
801  0 @aCN@b人天书店@c20160504
905    @b1069002-07@dD90-053@e808=3@f6
    
    法律职业伦理/李本森主编.-3版.-北京:北京大学出版社,2016.03
    321页;21cm
    公法系列教材.-使用对象:高校法律专业师生
    
    ISBN 978-7-301-26861-2:CNY22.00
    本书阐述了法律职业伦理的基本原理、规范和制度,并结合经典论述、典型案例,在每章之后附“提示与问题”,注意分析不同法律职业伦理规范的内部关系和有关的伦理冲突与道德悖论,引导读者深入思考,系统而全面地了解我国法律职业伦理学科的基本内容。
●
相关链接 在E读中查询图书 在五车中查询图书 在当当中查询图书 在豆瓣中查询图书


正题名:法律职业伦理     索取号:D90-053/808=3         预约/预借

序号 登录号 条形码 馆藏地/架位号 状态 备注
1 1069002   210690028   第一样本阅览室/ [索取号:D90-053/808=3] 在馆    
2 1069003   210690037   第一借阅区/ [索取号:D90-053/808=3] 在馆    
3 1069004   210690046   第一借阅区/ [索取号:D90-053/808=3] 在馆    
4 1069005   210690055   第一借阅区/ [索取号:D90-053/808=3] 在馆    
5 1069006   210690064   第一借阅区/ [索取号:D90-053/808=3] 在馆    
6 1069007   210690073   密集书库-史法系/ [索取号:D90-053/808=3] 在馆    
唐山师范学院图书馆 欢迎您!
大连网信软件有限公司© 版权所有